000 00664nam a22002177a 4500
005 20170124105940.0
010 _a392636
020 _c08.00
035 _a392636
037 _bCen Lib/Ret
040 _aDPL
_bEN
082 _a336.21
_bCHA
100 _aChaturvedi,K.
_973295
245 _aThe direct taxes reckoner 1965-66 /
_cby K.Chaturvedi
260 _aCalcutta
_bThe eastern law house
_c1965
270 _a54,Ganesh Chunder Avenue
_bCalcutta
300 _aviii,165p.
_c23cm(Hb)
650 _aGifts--Taxation--Law and legislation-India
_973296
650 _aSpendings tax--Law and legislation
_973297
942 _2ddc
_cEN
_h336.21
_mCHA
999 _c124528
_d124528